| 000 | 00507nam a22001697a 4500 | ||
|---|---|---|---|
| 003 | OSt | ||
| 008 | 241026b |||||||| |||| 00| 0 eng d | ||
| 082 |
_a630.715054 _bN28A |
||
| 100 | _aNational Institute of Agricultural Extension Management | ||
| 245 | _aAnnual Report, 2006 - 2007 | ||
| 260 |
_a.- Rajendranagar, Hyderabad _b: National Institute of Agricultural Extension Management _c, 2007 |
||
| 300 | _a43p. | ||
| 650 | _aAnnual Report | ||
| 650 | _aManage | ||
| 650 | _aHyderabad | ||
| 942 |
_2ddc _cRP |
||
| 999 |
_c46728 _d46728 |
||